00395nam a2200145Ia 4500008004100000020001600041082001500057100001500072245007700087250000800164260003100172300000800203500002400211650001400235230524s9999 xx 000 0 und d a0333936585X a541.3bKAP aK.L.Kapoor 2aA Text Book of Physical Chemistry Vol-3: (Application of Thermodynamics) a2ND aNEW DELHIbMacmillanc2001 a570 aQuantity Number: 9 aChemistry